00398nam a2200157Ia 450000500170000000800410001704000190005804100120007708200180008910000190010724500380012626000340016430000160019865000150021485000110022920240321141437.0131103s9999 xx 000 0 und d aLoreto College aEnglish a150.287 bEYS aEysenck, H. J. aKnow Your Own I.Q.cH. J. Eysenck aHarmondsworth bPenguinc1962 a192pb ill. aPsychology aLCBED